2025 MLB Pitching Leaders - Statistics

General Stats
  • This quiz has been taken 27 times
  • The average score is 12 of 21
Answer Stats
Category 1st % Correct
WHIP Tarik Skubal
96%
ERA Tarik Skubal
96%
SO Tarik Skubal
96%
ERA Paul Skenes
87%
SO Garrett Crochet
78%
W Garrett Crochet
78%
IP Garrett Crochet
78%
W Max Fried
61%
IP Cristopher Sánchez
57%
ERA Hunter Brown
52%
IP Logan Webb
52%
SO Logan Webb
52%
AVG Carlos Rodón
48%
W Carlos Rodón
48%
AVG Yoshinobu Yamamoto
48%
SV Robert Suarez
43%
SV Carlos Estévez
39%
AVG Freddy Peralta
35%
WHIP Bryan Woo
30%
WHIP Jacob deGrom
30%
SV Andres Muñoz
26%
No matching quizzes found
Score Distribution
Percent of People with Each Score
Percentile by Number Answered
Your Score History
You have not taken this quiz